125 Different Car & Truck Logos - Statistics

General Stats
  • This quiz has been taken 785 times
    783 since last reset
  • The average score is 57 of 125
Answer Stats
Picture Answer % Correct
Ford
99%
Jeep
97%
Chevrolet
96%
GMC
94%
Tesla
87%
Dodge
84%
Mustang
84%
RAM
83%
Cadillac
79%
Corvette
78%
BMW
77%
Audi
76%
Honda
76%
Toyota
76%
Volkswagen
76%
Hummer
75%
Ferrari
74%
Jaguar
74%
Mercedes-Benz
74%
Buick
73%
Land Rover
73%
Lucid
73%
Lexus
72%
Nissan
72%
Volvo
72%
Lamborghini
71%
Subaru
71%
Hyundai
70%
Mazda
70%
Bentley
69%
Porsche
69%
Kia
68%
Lincoln
68%
Mitsubishi
68%
Rolls Royce
68%
Mini
65%
Suzuki
65%
Ultima
65%
Fiat
64%
Fisker
63%
Plymouth
63%
Aston Martin
62%
Infiniti
62%
Alfa Romeo
61%
Kepler
61%
Maserati
61%
Arash
60%
Hennessey
60%
KTM
60%
Peugeot
59%
Renault
58%
Trion
58%
TVR
58%
Citroen
57%
Acura
56%
Bugatti
56%
Chrysler
56%
Skoda
53%
McLaren
52%
Opel
52%
Pontiac
52%
SEAT
52%
Lotus
51%
MG
49%
Smart
45%
Rossion
44%
Scion
44%
Saab
43%
Panoz
42%
Eagle
41%
Koenigsegg
40%
Pagani
40%
Maybach
39%
Saturn
39%
Vauxhall
39%
Mercury
37%
Mack
36%
Kenworth
33%
Lancia
33%
Daewoo
32%
Peterbilt
32%
Holden
30%
Freightliner
29%
VLF
29%
Alpine
28%
Tata
27%
Polestar
26%
Genesis
25%
Daihatsu
24%
Datsun
23%
Western Star
23%
Saleen
21%
AMC
20%
International
20%
SCG
20%
Ariel
16%
Caterham
16%
Geely
16%
Morgan
16%
AC
15%
Tatra
15%
Rimac
14%
Spyker
14%
Apollo
13%
W Motors
13%
Rivian
12%
Karma
11%
Mosler
11%
Noble
11%
Polaris
11%
SSC
11%
Zenvo
11%
Ascari
10%
Ginetta
9%
NIO
8%
Faraday Future
7%
Italdesign
6%
Lordstown
6%
BAC
5%
Rezvani
5%
Vector
5%
Artega
4%
Drako
4%
Icona
3%
Techrules
2%
No matching quizzes found
Score Distribution
Percent of People with Each Score
Percentile by Number Answered
Your Score History
You have not taken this quiz since the last reset